000 00204nam a22000857a 4500
001 1244019
005 20251110125626.0
245 _aÇİKOLATA ÜLKESİ
_cHURİHAN YILDIRIM KURTARAN
260 _bALTIN KİTAPLAR
999 _c1244019
_d1244019